Sketches /

Bibliographic Details
Main Author: Willis, Nathaniel Parker, 1806-1867
Format: Microform Book
Language:English
Published: Boston : S.G. Goodrich, 1827.

MARC

Tag First Indicator Second Indicator Subfields
LEADER 00000cam a2200000 a 4500
001 in00001366449
005 20151006073350.0
007 hd afu---baca
008 850422s1827 mau a 000 0 eng d
035 |a (OCoLC)11948719 
035 |9 AHH7249AM 
040 |a POF  |c IBS  |d POF  |d UtOrBLW 
049 |a TXAI 
090 |a PS586  |b .A450 pt. 2, no. 2605 
099 |a film  |a B  |a 3870  |a  Segment II, no. 2605) 
100 1 |a Willis, Nathaniel Parker,  |d 1806-1867. 
245 1 0 |a Sketches /  |c by N.P. Willis. 
264 1 |a Boston :  |b S.G. Goodrich,  |c 1827. 
300 |a 96 pages ;  |c 23 cm. 
336 |a text  |b txt  |2 rdacontent 
337 |a microform  |b h  |2 rdamedia 
338 |a microfilm reel  |b hd  |2 rdacarrier 
510 4 |a Sabin  |c 104515 
510 4 |a Shoemaker  |c 31771 
533 |a Microfilm.  |b New Haven, Conn. :  |c Research Publications,  |d 1975.  |e 1 microfilm reel ; 35 mm.  |f (American Poetry, 1609-1900 ; Segment II, no. 2605) 
539 |a s  |b 1975  |d ctu  |e n 
500 |a Microform. 
999 |a MARS 
999 f f |s 19c45811-5587-390d-a26e-b4a80531e37f  |i 9e3ba5ed-4d5c-34c1-b15d-bf31fc6ee7c0  |t 0 
952 f f |p default  |a Texas A&M University  |b College Station  |c Sterling C. Evans Library  |d Evans: Microforms (3rd floor)  |t 0  |e film B 3870 Segment II, no. 2605  |h Other scheme  |i microform -- microfilm reel 
998 f f |a film B 3870 Segment II, no. 2605  |t 0  |l Evans: Microforms (3rd floor)